[Event "North American-ch U20"]
[Site "Dulles"]
[Date "2023.12.20"]
[Round "4"]
[White "Ladan, Nicholas John"]
[Black "Nemmali, Prateek R"]
[Result "1-0"]
[WhiteElo "2254"]
[BlackElo "1848"]
[PlyCount "125"]
[EventDate "2023.12.19"]
[EventType "swiss"]
[EventRounds "9"]
[EventCountry "USA"]
[SourceTitle "CB52_2023"]
[SourceDate "2023.12.27"]
[SourceVersion "1"]
[SourceVersionDate "2023.12.27"]
[SourceQuality "1"]

1. d4 d5 2. c4 e6 3. Nf3 Nf6 4. g3 c6 5. Bg2 Ne4 6. 0-0 Be7 7. Qc2 Nd7 8. Nbd2 f5 9. Ne1 Bf6 10. Ndf3 0-0 11. Nd3 dxc4 12. Qxc4 Nb6 13. Qc2 Bxd4 14. Rd1 Bf6 15. Nc5 Nd6 16. e4 fxe4 17. Nxe4 Nd5 18. Nxd6 Qxd6 19. Ng5 Bxg5 20. Bxg5 Qe5 21. h4 h6 22. Re1 Qf5 23. Be4 Qf7 24. Bg6 Qc7 25. Be3 b6 26. Bd4 c5 27. Be5 Qe7 28. Re2 Nb4 29. Qc3 Ba6 30. Re4 Nd3 31. Rg4 Nxe5 32. Qxe5 Qf6 33. Qxf6 Rxf6 34. h5 Bb7 35. Ra4 a5 36. Rd1 Bd5 37. Be4 b5 38. Bxd5 exd5 39. Ra3 d4 40. b4 cxb4 41. Rad3 Rd8 42. Rxd4 Rxd4 43. Rxd4 Rf5 44. g4 Rc5 45. Rd2 a4 46. Kh2 Rc3 47. f4 b3 48. axb3 Rxb3 49. Rd8+ Kf7 50. Rd7+ Kf6 51. Rd6+ Ke7 52. Rg6 Kf7 53. g5 a3 54. Ra6 b4 55. g6+ Ke7 56. Ra7+ Ke6 57. Rxg7 a2 58. Ra7 Ra3 59. g7 a1Q 60. g8Q+ Kd6 61. Qd8+ Kc5 62. Rc7+ Kb5 63. Qd5+ 1-0